000 00601nam a2200193Ia 4500
008 151121s9999||||xx |||||||||||||| ||und||
082 _a813/भावे
082 _bHNW-113261
100 _aभावे पु । भा ।
245 _aसायंकाळ
260 _b"कुलस्वामिनी प्रकाशन, डोंबिवली"
260 _c1991
300 _a109
600 _aभावे पु । भा ।
630 _aसायंकाळ
700 _aभावे पु । भा ।
730 _aसायंकाळ
942 _cBOOK
999 _c1262407
_d1262404